Wac toja - piosenki - Statystyki

Ogólne statystyki
  • Ten quiz został rozwiązany 137 razy
  • Średni wynik to 5 z 20
Statystyki odpowiedzi
Wyświetlenia Nazwa piosenki % Poprawnych
14,7 mln Perfekt
75%
2 mln Ciepło ciała
56%
6,5 mln Klej
51%
8,8 mln Arabska noc
35%
14,5 mln Brudna prawda
30%
2,3 mln Labirynt
29%
16 mln Nie dla ciebie
27%
17 mln Twerk
26%
5,8 mln Rzucić rap
24%
6 mln James bong
21%
1,8 mln Ej ej ej
18%
5,7 mln Cała noc
16%
5,2 mln Halo ziom
14%
1,5 mln Show w
13%
2,9 mln Klik klik bang
12%
2,4 mln Metro
12%
1,7 mln Czasem
10%
1,8 mln Na piasku
10%
1,5 mln Pranie mózgu
10%
5,6 mln Tour of the year 2
10%
Nie znaleziono quizów pasujących do podanych kryteriów
Rozkład punktacji
Procent ludzi z każdym wynikiem
Percentyl według liczby udzielonych odpowiedzi
Twoja historia wyników
Nie rozwiązałeś tego quizu